Loreto College Library, Kolkata
WEBOPAC (ONLINE PUBLIC ACCESS CATALOGUE)

Works of Hesiod and the Homeric hymns (Record no. 20371)

MARC details
000 -LEADER
fixed length control field 00792nam a2200241Ia 4500
008 - FIXED-LENGTH DATA ELEMENTS--GENERAL INFORMATION
fixed length control field 131103s9999 xx 000 0 und d
020 ## - ISBN | অাই এস বি এন
ISBN | অাই এস বি এন 226329666
PRICE Rs 904
040 ## - CATALOGING SOURCE
Original cataloging agency Loreto College
041 ## - LANGUAGE CODE
Language code English
082 ## - DDC | ডিউই
Classification number | বর্গসংখ্যা 881/HES
Book Number | গ্রন্থাঙ্ক LCLIB/46727
100 ## - MAIN ENTRY--PERSONAL NAME | মুখ্য সংলেখ - ব্যাক্তিনাম
Personal name | ব্যাক্তিনাম Hesiod
245 ## - TITLE STATEMENT | অাখ্যা বিবরণী
Title | অাখ্যা Works of Hesiod and the Homeric hymns
Sub title | উপঅাখ্যা Works and days, Theogony, The Homeric hymns, The battle of the frogs and the mice
Statement of responsibility | লেখকের দায়িত্বের বিবরণ Translated by Daryl Hine
260 ## - IMPRINT | প্রকাশনা ক্ষেত্র
Place of publication | প্রকাশ স্থান Chicago
Name of publisher | প্রকাশকের নাম The University of Chicago Press
Date of publication | প্রকাশ কাল 2007
300 ## - PHYSICAL DESCRIPTION |
Page / Vol. No | পৃষ্ঠা / খন্ড সংখ্যা 220p
504 ## - BIBLIOGRAPHY, ETC. NOTE
Bibliography, etc Includes index
630 ## - SUBJECT ADDED ENTRY--UNIFORM TITLE
Uniform title Hymns, Greek
630 ## - SUBJECT ADDED ENTRY--UNIFORM TITLE
Uniform title Religious poetry, Greek
650 ## - SUBJECT ADDED ENTRY--TOPICAL TERM | বিষয় শিরোনাম - মূল বিষয়
Topical term | মূল বিষয় Fables, Greek
651 ## - SUBJECT ADDED ENTRY--GEOGRAPHIC NAME | বিষয় শিরোনাম - ভৌগলিক নাম
Geographic name | ভৌগলিক বিষয় Didactic poetry, Greek - Translation into English
700 ## - ADDED ENTRY--PERSONAL NAME | অতিরিক্ত সংলেখ - ব্
Personal name | ব্যাক্তিনাম Hine, Daryl, tr
850 ## - HOLDING INSTITUTION
Holding institution LCLIB/881/HES
942 ## - ADDED ENTRY ELEMENTS (KOHA)
Koha item type Books
Holdings
Withdrawn status Lost status Source of classification Damaged status Not for loan Home library Current library Shelving location Date acquired Total Checkouts Full call number Accession No. Date last seen Date checked out Price effective from Koha item type
    Dewey Decimal Classification     Loreto College Loreto College Post Graduate 04/11/2013 1 881/HES LCLIB/46727 B22251 19/11/2025 20/08/2025 04/11/2013 Books